000 00687nam a2200217Ia 4500
003 GCL
008 140319s9999 xx 000 0 ara d
040 _aGCL /
_cGCL
082 0 4 _a928.1
_bا ع
100 1 _aاحمد عبدالحميد غراب
245 1 0 _aعبدالرحمن شكرى /
_cاحمد عبدالحميد غراب
260 _a[S.N] :
_bالهيئة المصرية العامة للكتاب ،
_c1977
300 _a370 ص
490 _aالاعلام
_v0
650 0 4 _aالادب العربى
650 0 4 _aالتراجم الادبية
650 0 4 _aالشعراء
650 0 4 _aعبدالرحمن شكرى
650 0 4 _aتاريخ ونقد
942 _2ddc
_cBK
999 _c28248
_d28248